<?xml version="1.0" encoding="UTF-8"?>
<record
    xmlns:xsi="http://www.w3.org/2001/XMLSchema-instance"
    xsi:schemaLocation="http://www.loc.gov/MARC21/slim http://www.loc.gov/standards/marcxml/schema/MARC21slim.xsd"
    xmlns="http://www.loc.gov/MARC21/slim">

  <leader>01175nam a22002537a 4500</leader>
  <datafield tag="999" ind1=" " ind2=" ">
    <subfield code="c">22197</subfield>
    <subfield code="d">22197</subfield>
  </datafield>
  <controlfield tag="003">AR-CdUCM</controlfield>
  <controlfield tag="008">190425b           ||||| |||| 00| 0 spa d</controlfield>
  <datafield tag="040" ind1=" " ind2=" ">
    <subfield code="a">MUNICIPALIDAD PROVINCIAL DEL CUSCO</subfield>
    <subfield code="c">BIBLIOTECA MUNICIPAL DEL CUSCO</subfield>
  </datafield>
  <datafield tag="082" ind1=" " ind2=" ">
    <subfield code="a">Oropesa/N&#xB0;101/2017</subfield>
  </datafield>
  <datafield tag="245" ind1=" " ind2=" ">
    <subfield code="a">Oropesa :</subfield>
    <subfield code="b">revista de cultura y educaci&#xF3;n de opini&#xF3;n y cr&#xED;tica /</subfield>
    <subfield code="c">Am&#xE9;rico Valer Vargas, Director</subfield>
  </datafield>
  <datafield tag="260" ind1=" " ind2=" ">
    <subfield code="a">Cusco.</subfield>
    <subfield code="b">Lezama,</subfield>
    <subfield code="c">2017.</subfield>
  </datafield>
  <datafield tag="300" ind1=" " ind2=" ">
    <subfield code="a">20 p&#xE1;ginas. :</subfield>
    <subfield code="b">ilustraciones ;</subfield>
    <subfield code="c">30 cm.</subfield>
  </datafield>
  <datafield tag="440" ind1=" " ind2=" ">
    <subfield code="a">Oropesa.</subfield>
    <subfield code="n">A&#xF1;o XXXV, N&#xB0;101, febrero 2017.</subfield>
    <subfield code="9">47622</subfield>
  </datafield>
  <datafield tag="505" ind1=" " ind2=" ">
    <subfield code="a">Contenido: Pensamiento filos&#xF3;fico de la religiosidad Inka en la praxis del runa. -- El ser en el mundo y el ser para la vida una perspectiva Filos&#xF3;fico Pedag&#xF3;gico. -- Toponimias del Centro Urbano del Cusco. -- Conceptos b&#xE1;sicos del cambio clim&#xE1;tico. -- El se&#xF1;or del Cabildo y el gallo tipiy.</subfield>
  </datafield>
  <datafield tag="650" ind1=" " ind2=" ">
    <subfield code="a">Pol&#xED;tica cusque&#xF1;a</subfield>
    <subfield code="9">47381</subfield>
  </datafield>
  <datafield tag="650" ind1=" " ind2=" ">
    <subfield code="a">Cultura andina</subfield>
    <subfield code="9">47570</subfield>
  </datafield>
  <datafield tag="650" ind1=" " ind2=" ">
    <subfield code="a">Sociedad cusque&#xF1;a</subfield>
    <subfield code="9">47493</subfield>
  </datafield>
  <datafield tag="650" ind1=" " ind2=" ">
    <subfield code="a">Siglo XX</subfield>
    <subfield code="9">47561</subfield>
  </datafield>
  <datafield tag="700" ind1=" " ind2=" ">
    <subfield code="a">Calvo Calvo, Rosano</subfield>
    <subfield code="9">47621</subfield>
  </datafield>
  <datafield tag="700" ind1=" " ind2=" ">
    <subfield code="a">Valer Vargas, Alejandro</subfield>
    <subfield code="9">47563</subfield>
  </datafield>
  <datafield tag="700" ind1=" " ind2=" ">
    <subfield code="a">Condori Paucara, Jos&#xE9;</subfield>
    <subfield code="9">47623</subfield>
  </datafield>
  <datafield tag="942" ind1=" " ind2=" ">
    <subfield code="2">ddc</subfield>
    <subfield code="c">PP</subfield>
  </datafield>
  <datafield tag="945" ind1=" " ind2=" ">
    <subfield code="a">rac</subfield>
  </datafield>
  <datafield tag="952" ind1=" " ind2=" ">
    <subfield code="0">0</subfield>
    <subfield code="2">ddc</subfield>
    <subfield code="4">0</subfield>
    <subfield code="7">0</subfield>
    <subfield code="a">HEM</subfield>
    <subfield code="b">HEM</subfield>
    <subfield code="c">CART</subfield>
    <subfield code="d">2022-03-21</subfield>
    <subfield code="g">5.00</subfield>
    <subfield code="o">Oropesa/N&#xB0;101/2017</subfield>
    <subfield code="p">REVC000794</subfield>
    <subfield code="r">2022-03-21</subfield>
    <subfield code="y">PP</subfield>
  </datafield>
</record>
